| 000 | 00630nam a2200205Ia 4500 | ||
|---|---|---|---|
| 003 | LDD | ||
| 008 | 181029s9999 xx 000 0 und d | ||
| 020 |
_a415394953 _cP 90.00 |
||
| 040 | _cLDD | ||
| 100 | _aSchoeler, Gregor | ||
| 245 | 4 |
_aThe oral and the written in early Islam _cGregor Schoeler |
|
| 260 |
_aLondon _bRoutledge _c2006 |
||
| 300 | _aviii, 248p | ||
| 365 | _bP 90.00 | ||
| 440 | _aRoutledge studies in middle eastern literatures/ edited by J | ||
| 901 |
_a7710 _b26-09-2011 |
||
| 902 |
_a10367 _b29-09-2011 _cF _dUPPAL _eFL |
||
| 903 |
_aDiscount-35 _bReqst by : G. Chaudhuri |
||
| 942 |
_2ddc _cBK |
||
| 999 |
_c102308 _d102308 |
||